[Event "ICS rated blitz match"]
[Site "204.178.125.65"]
[Date "1999.12.04"]
[Round "?"]
[White "Hossa"]
[Black "Mboado"]
[Result "1-0"]
[WhiteElo "2575"]
[BlackElo "2141"]
[PlyCount "42"]
[EventDate "1999.??.??"]

1. e4 Nf6 2. e5 Nd5 3. c4 Nb6 4. d4 d6 5. exd6 cxd6 6. Nc3 g6 7. a4 Bg7 8. a5
N6d7 9. Nf3 O-O 10. Ra3 Nf6 11. Qa4 Bg4 12. Be3 Bxf3 13. gxf3 d5 14. Rb3 Nc6
15. a6 Na5 16. axb7 Rb8 17. Rb5 Nxb7 18. Nxd5 Nd6 19. Rxb8 Qxb8 20. Nxe7+ Kh8
21. c5 21... Nf5 {Mboado resigns} 1-0

[Event "ICS rated blitz match"]
[Site "204.178.125.65"]
[Date "1999.12.04"]
[Round "?"]
[White "Mboado"]
[Black "Hossa"]
[Result "0-1"]
[WhiteElo "2139"]
[BlackElo "2577"]
[PlyCount "74"]
[EventDate "1999.??.??"]

1. e4 c5 2. Nf3 d6 3. c3 Nf6 4. Be2 e5 5. O-O Nc6 6. d4 exd4 7. cxd4 cxd4 8.
Nxd4 Nxe4 9. Bf3 Nxd4 10. Qxd4 Nf6 11. Re1+ Be7 12. Qe3 d5 13. b3 Be6 14. Bb2
O-O 15. Nd2 Re8 16. Rad1 Qa5 17. a3 Rac8 18. b4 Qa4 19. Qb3 Qc6 20. Rc1 Qd7 21.
Rcd1 Qd6 22. Nf1 Red8 23. Bd4 a6 24. Ne3 Qc7 25. Bxf6 d4 26. Nd5 Bxd5 27. Bxd5
Bxf6 28. Qf3 Rb8 29. Re2 Qd7 30. Bb3 Rbc8 31. h3 d3 32. Red2 Rc3 33. Ba2 Bg5
34. Rxd3 Rxd3 35. Bxf7+ Kh8 36. Rf1 Rxf3 37. gxf3 37... Qxf7 {Mboado resigns}
0-1

[Event "ICS rated blitz match"]
[Site "204.178.125.65"]
[Date "1999.12.04"]
[Round "?"]
[White "Hossa"]
[Black "Mboado"]
[Result "1-0"]
[WhiteElo "2579"]
[BlackElo "2137"]
[PlyCount "57"]
[EventDate "1999.??.??"]

1. e4 Nf6 2. e5 Nd5 3. c4 Nb6 4. d4 d6 5. exd6 cxd6 6. Nc3 g6 7. a4 Bg7 8. a5
N6d7 9. Nf3 O-O 10. Ra3 Nf6 11. Qa4 a6 12. Be2 Bd7 13. Qb4 Qc8 14. d5 Bg4 15.
O-O Nbd7 16. Re1 Nc5 17. Na4 Nfd7 18. Bg5 Re8 19. Re3 Nxa4 20. Qxa4 Nc5 21. Qa3
Qd8 22. Nd2 h6 23. Bxe7 Rxe7 24. Bxg4 Rxe3 25. Rxe3 Qg5 26. Bh3 Bd4 27. Nf3 Qf6
28. Re2 Kg7 29. b4 {Mboado resigns} 1-0

[Event "ICS rated blitz match"]
[Site "204.178.125.65"]
[Date "1999.12.04"]
[Round "?"]
[White "Mboado"]
[Black "Hossa"]
[Result "0-1"]
[WhiteElo "2135"]
[BlackElo "2581"]
[PlyCount "72"]
[EventDate "1999.??.??"]

1. e4 c5 2. Nf3 d6 3. c3 Nf6 4. Be2 e5 5. O-O Nc6 6. d4 exd4 7. cxd4 cxd4 8.
Nxd4 Nxe4 9. Bf3 Nxd4 10. Qxd4 Nf6 11. Re1+ Be7 12. Qe3 d5 13. Qb3 O-O 14. Bg5
d4 15. Nd2 Rb8 16. Rad1 h6 17. Bxf6 Bxf6 18. Ne4 Be5 19. Qb5 Re8 20. Qa4 a6 21.
Nc5 Qe7 22. Nd3 Bd7 23. Qb3 Qd6 24. Bd5 Bxh2+ 25. Kh1 Be6 26. Bxe6 fxe6 27. g3
Bxg3 28. fxg3 Qxg3 29. Ne5 Qh4+ 30. Kg2 Rbc8 31. Re2 Rc5 32. Qg3 Qh5 33. Rde1
Rf8 34. Nf3 Rcf5 35. Qh3 Qxh3+ 36. Kxh3 36... Rxf3+ {Mboado resigns} 0-1

[Event "ICS rated blitz match"]
[Site "204.178.125.65"]
[Date "1999.12.04"]
[Round "?"]
[White "Hossa"]
[Black "Mboado"]
[Result "1-0"]
[WhiteElo "2583"]
[BlackElo "2133"]
[PlyCount "21"]
[EventDate "1999.??.??"]

1. e4 Nf6 2. e5 Nd5 3. c4 Nb6 4. d4 d6 5. exd6 cxd6 6. Nc3 g6 7. a4 a5 8. c5
dxc5 9. Bb5+ Nc6 10. d5 Nxd5 11. Qxd5 {Mboado resigns} 1-0

[Event "ICS rated bullet match"]
[Site "204.178.125.65"]
[Date "1999.12.04"]
[Round "?"]
[White "Hossa"]
[Black "Mofongo"]
[Result "0-1"]
[WhiteElo "2668"]
[BlackElo "2622"]
[PlyCount "140"]
[EventDate "1999.??.??"]

1. e4 c5 2. Nf3 Nc6 3. Bb5 g6 4. O-O Bg7 5. c3 e5 6. d3 Nge7 7. Be3 d6 8. d4
exd4 9. cxd4 O-O 10. Nc3 Qb6 11. Bxc6 Qxc6 12. Rc1 Re8 13. Qb3 Bg4 14. Ng5 c4
15. Qb4 h6 16. f3 Bd7 17. d5 Qc7 18. Nh3 a5 19. Qb6 Qxb6 20. Bxb6 a4 21. a3 Ra6
22. Bf2 Bxh3 23. gxh3 Ra5 24. Kg2 f5 25. Bb6 Ra6 26. Bc7 Bxc3 27. Rxc3 b5 28.
e5 Nxd5 29. exd6 Nxc7 30. dxc7 Rc6 31. Rcc1 Rxc7 32. Rc2 Rd7 33. Rg1 Kf7 34.
Kg3 Rd3 35. h4 Re4 36. Rf1 h5 37. Rff2 Rg4+ 38. Kh3 Ke6 39. Rf1 Re4 40. Rff2
Kd5 41. Kg3 Rg4+ 42. Kh3 Rf4 43. Kg3 Rfd4 44. Kh3 Kd6 45. Rce2 c3 46. Rf1 Rc4
47. Kg3 Rd2 48. Re8 Rxb2 49. Rd1+ Kc7 50. Re7+ Kc8 51. Re8+ Kb7 52. Rg8 c2 53.
Rc1 Rb1 54. Rg7+ Kc8 55. Rg8+ Kd7 56. Rg7+ Kd8 57. Rxc2 Rxc2 58. Rg8+ Ke7 59.
Kf4 Rc4+ 60. Kg5 Rg1+ 61. Kh6 Rc3 62. f4 Rxa3 63. Rxg6 Rxg6+ 64. Kxg6 Ke6 65.
Kxh5 Kf6 66. Kh6 Rh3 67. h5 a3 68. Kh7 Rxh5+ 69. Kg8 Rxh2 70. Kf8 70... Rh8# {
Hossa checkmated} 0-1

[Event "ICS rated blitz match"]
[Site "204.178.125.65"]
[Date "1999.12.04"]
[Round "?"]
[White "rooking"]
[Black "Hossa"]
[Result "0-1"]
[WhiteElo "2144"]
[BlackElo "2585"]
[PlyCount "51"]
[EventDate "1999.??.??"]

1. e4 c5 2. Nf3 d6 3. c3 Nf6 4. d3 e5 5. g3 Be7 6. Bg2 O-O 7. O-O Nc6 8. Re1
Bd7 9. Nbd2 Qc7 10. d4 cxd4 11. cxd4 Rac8 12. Nf1 Bg4 13. d5 Nd4 14. Be3 Nc2
15. Rc1 Nxe4 16. Qe2 f5 17. h3 Bxf3 18. Bxf3 Nxe1 19. Rxc7 Nxf3+ 20. Qxf3 Rxc7
21. g4 g6 22. Bh6 Rf7 23. Ne3 Bh4 24. gxf5 Bxf2+ 25. Kf1 Nd2+ 26. Ke2 {
rooking resigns} 0-1

[Event "ICS unrated blitz match"]
[Site "204.178.125.65"]
[Date "1999.12.04"]
[Round "?"]
[White "Moron"]
[Black "Hossa"]
[Result "1-0"]
[WhiteElo "2735"]
[BlackElo "2565"]
[PlyCount "175"]
[EventDate "1999.??.??"]

1. e4 c5 2. Nf3 d6 3. Bb5+ Bd7 4. Bxd7+ Nxd7 5. O-O Ngf6 6. Qe2 e6 7. b3 Be7 8.
Bb2 O-O 9. c4 d5 10. exd5 exd5 11. cxd5 Nxd5 12. Nc3 N7f6 13. Rfe1 Re8 14. Ne5
Qd6 15. Qf3 Qe6 16. Nxd5 Qxd5 17. Qxd5 Nxd5 18. Nd3 Rad8 19. Rad1 a5 20. g3 Nb4
21. Nxb4 axb4 22. Kg2 Ra8 23. Rc1 b6 24. Ra1 Rad8 25. Rad1 b5 26. Kf3 Rd3+ 27.
Re3 Rxe3+ 28. fxe3 Ra8 29. Ra1 c4 30. Bd4 Ra3 31. Ke4 Ra5 32. h3 h5 33. g4 h4
34. Bb2 Ra6 35. d3 Re6+ 36. Kf3 cxd3 37. Rd1 Ra6 38. Rxd3 Rxa2 39. Rd2 Bf6 40.
Bc3 Rxd2 41. Bxd2 Bc3 42. Bc1 Kh7 43. Ke4 Kg6 44. Kd5 Kg5 45. e4+ Kf6 46. Bf4
Be1 47. Bd6 Bc3 48. e5+ Kg5 49. Kc6 Kh6 50. Kxb5 Kg5 51. Kc4 Be1 52. Kd5 Kh6
53. Be7 g6 54. Kc4 Bc3 55. Bxh4 g5 56. Bg3 Kg6 57. Kd5 Bd2 58. e6 fxe6+ 59.
Kxe6 Be3 60. Be1 Bc5 61. Kd5 Bf8 62. Bd2 Kf6 63. Bc1 Be7 64. Bb2+ Kg6 65. Be5
Kf7 66. Bd6 Bxd6 67. Kxd6 Kf6 68. Kc5 Ke5 69. Kxb4 Kd5 70. Kc3 Ke5 71. Kd3 Kd5
72. b4 Kd6 73. Ke4 Kd7 74. Kf5 Kc6 75. Kxg5 Kc7 76. Kf5 Kd6 77. g5 Kd7 78. g6
Kc6 79. g7 Kb5 80. h4 Kb6 81. g8=Q Kb5 82. Qb3 Kc6 83. Qc4+ Kb7 84. Qb5+ Ka7
85. Ke5 Ka8 86. Kd6 Ka7 87. Kc6 Ka8 88. Qb7# {Hossa checkmated} 1-0

[Event "ICS unrated blitz match"]
[Site "204.178.125.65"]
[Date "1999.12.04"]
[Round "?"]
[White "Hossa"]
[Black "Moron"]
[Result "0-1"]
[WhiteElo "2565"]
[BlackElo "2735"]
[PlyCount "140"]
[EventDate "1999.??.??"]

1. d4 d5 2. c4 e6 3. Nc3 Nf6 4. Bf4 Bd6 5. Bg5 Bb4 6. Qa4+ Nc6 7. O-O-O h6 8.
cxd5 exd5 9. Bxf6 Qxf6 10. Nxd5 Qg5+ 11. Ne3 Qf4 12. Nf3 a6 13. g3 Qd6 14. d5
b5 15. Qc2 Ne7 16. a3 Bc5 17. Bg2 O-O 18. Nd4 Bxd4 19. Rxd4 c5 20. Rd2 c4 21.
Kb1 Bd7 22. Rc1 a5 23. Be4 Rac8 24. Nd1 c3 25. bxc3 b4 26. axb4 axb4 27. c4 Ra8
28. Qd3 Rfc8 29. Ra2 Rxa2 30. Kxa2 Ra8+ 31. Kb1 Qa6 32. Qd2 Bf5 33. Bxf5 Nxf5
34. Qb2 Nd6 35. Ne3 Qa4 36. c5 Nb5 37. Rc4 Na3+ 38. Kc1 Nxc4 39. Nxc4 b3 40.
Qc3 Qb5 41. c6 Qxd5 42. c7 Qc5 43. Qxb3 Rc8 44. Kb1 Qxc7 45. Nb2 Qc1+ 46. Ka2
Ra8+ 47. Na4 Qe1 48. Qc4 Rb8 49. Qd3 Qb4 50. Qc2 Ra8 51. Qb3 Rxa4+ 52. Kb2 Qd2+
53. Kb1 Rb4 54. Qxb4 Qxb4+ 55. Kc2 Qc5+ 56. Kb3 Qxf2 57. e3 Qxe3+ 58. Kc4 Qe2+
59. Kd4 Qxh2 60. Kd3 Qxg3+ 61. Kd4 Qg4+ 62. Kd3 h5 63. Ke3 h4 64. Kd3 Qf4 65.
Kc3 Qe4 66. Kd2 h3 67. Kc3 h2 68. Kb2 h1=Q 69. Kb3 Qhb1+ 70. Kc3 70... Qed3# {
Hossa checkmated} 0-1

[Event "ICS unrated blitz match"]
[Site "204.178.125.65"]
[Date "1999.12.04"]
[Round "?"]
[White "Moron"]
[Black "Hossa"]
[Result "1-0"]
[WhiteElo "2735"]
[BlackElo "2565"]
[PlyCount "111"]
[EventDate "1999.??.??"]

1. e4 c5 2. Nf3 Nc6 3. d4 cxd4 4. Nxd4 Nf6 5. Nc3 d6 6. Bg5 e6 7. Qd2 Be7 8.
O-O-O Nxd4 9. Qxd4 O-O 10. f4 Ne8 11. Bxe7 Qxe7 12. Bc4 f5 13. e5 d5 14. Bd3
Nc7 15. h3 Na6 16. Nb5 Qb4 17. Be2 Qa5 18. Kb1 Nb4 19. a3 Nc6 20. Qf2 Kh8 21.
c4 dxc4 22. Bxc4 Kg8 23. Qc2 Kh8 24. Qb3 Qb6 25. Nd6 Qxb3 26. Bxb3 Nd8 27. Rd4
Rb8 28. Rhd1 Bd7 29. Nxf5 Bc6 30. Nh4 g6 31. g3 Rc8 32. R1d2 Kg7 33. Rd6 Kf7
34. R2d4 a5 35. Ka1 Ke7 36. Rd1 a4 37. Bc4 Kf7 38. R1d4 b5 39. Ba2 Re8 40. f5
gxf5 41. Nxf5 Kf8 42. Nh6 Kg7 43. Ng4 Kf7 44. Nf6 Rh8 45. Nh5 Bf3 46. g4 Bb7
47. Rd7+ Kg6 48. h4 Kh6 49. Nf4 Rg8 50. Bb1 Be4 51. Bxe4 Rc1+ 52. Ka2 Rc7 53.
Rxc7 Nf7 54. Rxf7 Rg6 55. g5+ Rxg5 56. Rxh7# {Hossa checkmated} 1-0

[Event "ICS unrated blitz match"]
[Site "204.178.125.65"]
[Date "1999.12.04"]
[Round "?"]
[White "Hossa"]
[Black "Moron"]
[Result "1/2-1/2"]
[WhiteElo "2565"]
[BlackElo "2739"]
[PlyCount "191"]
[EventDate "1999.??.??"]

1. e4 c5 2. Nf3 Nc6 3. d4 cxd4 4. Nxd4 Nf6 5. Nc3 e5 6. Ndb5 d6 7. Bg5 a6 8.
Na3 b5 9. Nd5 Be7 10. Bxf6 Bxf6 11. c3 Bb7 12. Nxf6+ Qxf6 13. Bd3 O-O 14. O-O
Ne7 15. Qc2 Ng6 16. Rad1 Nf4 17. c4 Qg6 18. f3 b4 19. Nb1 Rac8 20. b3 a5 21.
Qd2 Bc6 22. Bc2 Rfd8 23. a3 Rb8 24. a4 Ne6 25. Qd3 Nd4 26. Nd2 Qf6 27. Kh1 Rbc8
28. Bb1 Qf4 29. Rfe1 Ne6 30. Qe3 Qxe3 31. Rxe3 Kf8 32. g3 Ke7 33. Kg2 f6 34. h3
Nd4 35. Kh2 g5 36. Kg2 Rg8 37. Rd3 h5 38. Kh2 h4 39. g4 Bd7 40. Ba2 Rgd8 41.
Nf1 Rh8 42. Kg2 Be6 43. R1d2 Kd7 44. Ne3 Rc7 45. Nc2 Nxc2 46. Rxc2 Kc6 47. Rcd2
Rd7 48. Bb1 Kc5 49. Bc2 Rb8 50. Kf2 Rb6 51. Ke3 Rbb7 52. Rd1 Bf7 53. R3d2 Rbc7
54. Bd3 Be6 55. Kf2 Rd8 56. Be2 Rg7 57. Ke3 Rb7 58. Rd3 Rbd7 59. Kf2 Re7 60.
Kg1 Rc7 61. Kg2 Rc6 62. R1d2 Rd7 63. Kf2 Rcc7 64. Kf1 Rb7 65. Kg2 Rd8 66. Rd1
Rf7 67. R3d2 Rh7 68. Bd3 Bd7 69. Kf2 Bc6 70. Ke3 Rc8 71. Be2 Rd7 72. Bf1 Rcc7
73. Bg2 Rd8 74. Rd3 Rb7 75. Bf1 Rh7 76. Be2 Rdd7 77. R1d2 Rh8 78. Bd1 Rhd8 79.
Kf2 Bb7 80. Bc2 Rc7 81. Ke3 Bc6 82. Rd1 Rdd7 83. Bb1 Rb7 84. R3d2 Ra7 85. Bc2
Rac7 86. Rd3 Bb7 87. R1d2 Rd8 88. Bd1 Rg7 89. Be2 Rgd7 90. Rd1 Bc6 91. Kf2 Rb7
92. R1d2 Rc7 93. Ke3 Re7 94. Bf1 Rdd7 95. Bg2 Bb7 96. Rd1 {
Game drawn by the 50 move rule} 1/2-1/2

[Event "ICS rated blitz match"]
[Site "204.178.125.65"]
[Date "1999.12.04"]
[Round "?"]
[White "Hossa"]
[Black "WhiteCastles"]
[Result "0-1"]
[WhiteElo "2565"]
[BlackElo "2868"]
[Annotator "regina"]
[PlyCount "138"]
[EventDate "1999.??.??"]

1. e4 e5 2. f4 Nf6 3. fxe5 Nxe4 4. Nf3 d5 5. d3 Nc5 6. d4 Ne4 7. Nbd2 Bb4 8.
Bd3 Bxd2+ 9. Bxd2 Bg4 10. O-O Nc6 11. c3 Qe7 12. Bf4 (12. Qe2 Nxd2 13. Qxd2
O-O-O 14. Qg5 Bxf3 15. Qxe7 Nxe7 16. Rxf3 Rhf8 17. Raf1 $18) 12... O-O-O 13.
Qe2 Bxf3 14. Qxf3 f6 15. Bxe4 dxe4 16. Qxe4 fxe5 17. Qf5+ Rd7 18. Bxe5 Kb8 19.
Rae1 Qd8 20. Re3 Re7 21. d5 g6 22. Qf4 Nxe5 23. Rxe5 Rxe5 24. Qxe5 Re8 25. Qg7
Qxd5 26. Qxh7 Qc5+ 27. Kh1 Qf2 28. Rg1 Qxb2 29. Qxg6 Rc8 30. Qg7 Qxa2 31. Rf1
Qe2 32. Qf6 Re8 33. Qf7 a6 34. h4 Qe4 35. Rf4 Qe3 36. Kh2 Re7 37. Qf6 Qe1 38.
Qh8+ Ka7 39. Qf8 b6 40. Qd8 Qe5 41. g3 Qe2+ 42. Kh3 Qe6+ 43. Rg4 Qe1 44. Rg8
Qh1+ 45. Kg4 Qe4+ 46. Kg5 Re5+ 47. Kh6 Qe3+ 48. Rg5 Re6+ 49. Kh7 Qe4+ 50. Kg7
Qc6 51. c4 Re8 52. Qf6 Rg8+ 53. Kxg8 Qxf6 54. c5 b5 55. Kh7 b4 56. Rg6 Qf7+ 57.
Rg7 Qh5+ 58. Kg8 Qxc5 59. h5 b3 60. Rd7 b2 61. Rd1 Qxh5 62. Rg1 Qd5+ 63. Kh7
Qd4 64. Rb1 Qe4+ 65. Kg7 Qxb1 66. Kf6 Qh7 67. Ke5 b1=Q 68. Kd5 Qbe4+ 69. Kc5
69... Qhf5# {Hossa checkmated} 0-1

[Event "ICS rated blitz match"]
[Site "204.178.125.65"]
[Date "1999.12.04"]
[Round "?"]
[White "WhiteCastles"]
[Black "Hossa"]
[Result "1-0"]
[WhiteElo "2873"]
[BlackElo "2560"]
[PlyCount "135"]
[EventDate "1999.??.??"]

1. e4 e5 2. Nf3 Nc6 3. Bb5 a6 4. Ba4 Nf6 5. O-O Be7 6. Re1 b5 7. Bb3 d6 8. c3
O-O 9. h3 Na5 10. Bc2 c5 11. d4 Qc7 12. Nbd2 cxd4 13. cxd4 Bb7 14. Nf1 Rac8 15.
Bb1 Nc4 16. N1d2 Rfd8 17. Nxc4 Qxc4 18. Bd3 Qc7 19. Bg5 Qb6 20. Be3 Qa5 21. Bd2
Qb6 22. a4 exd4 23. axb5 axb5 24. Ba5 Qc5 25. Bxd8 Bxd8 26. Qd2 b4 27. Rac1 Qb6
28. Rxc8 Bxc8 29. Bb1 Be6 30. Nxd4 Bd7 31. Rc1 Qb7 32. Qf4 Qb6 33. Nf3 Be7 34.
Bd3 Nh5 35. Qd2 Nf6 36. Rc4 Qd8 37. Rd4 b3 38. e5 Ne8 39. Bc4 Qb8 40. exd6 Nxd6
41. Qf4 Be8 42. Nd2 Qb6 43. Qe5 Kf8 44. Bxb3 Nb5 45. Re4 Qd8 46. Bc4 Nd6 47.
Rd4 Qb6 48. Rd3 Qd8 49. Bd5 Bb5 50. Nc4 Bf6 51. Qg3 Nf5 52. Qf3 Qc8 53. b3 Ba6
54. Qf4 Nh6 55. Nd6 Qc7 56. Bc4 Bb7 57. b4 Ba8 58. b5 Be7 59. Qe5 f6 60. Qe6
Qb8 61. Nf5 Bc5 62. Nxh6 Bxf2+ 63. Kf1 Bxg2+ 64. Kxg2 Qb7+ 65. Kxf2 Qa7+ 66.
Re3 Qxe3+ 67. Kxe3 gxh6 68. Qf7# {Hossa checkmated} 1-0

[Event "ICS rated blitz match"]
[Site "204.178.125.65"]
[Date "1999.12.04"]
[Round "?"]
[White "Katja"]
[Black "Hossa"]
[Result "1/2-1/2"]
[WhiteElo "2096"]
[BlackElo "2555"]
[PlyCount "156"]
[EventDate "1999.??.??"]

1. d4 Nf6 2. Nf3 e6 3. Bf4 d5 4. e3 Bd6 5. Bxd6 cxd6 6. c3 O-O 7. Be2 Nc6 8.
O-O e5 9. a4 Bg4 10. Na3 Rc8 11. h3 Bxf3 12. Bxf3 Ne7 13. Qb3 Qd7 14. Rfd1 Rfe8
15. a5 a6 16. c4 e4 17. Be2 Rc7 18. cxd5 Rec8 19. Nc4 Nexd5 20. Nb6 Nxb6 21.
Qxb6 Rc2 22. Kf1 Qc7 23. Qxc7 R2xc7 24. Ke1 Rc2 25. Rd2 d5 26. Kd1 R2c6 27. b4
h5 28. Rb2 R6c7 29. Kd2 h4 30. Bd1 g5 31. b5 axb5 32. Rxb5 Re7 33. Rab1 Rcc7
34. Rc1 Rxc1 35. Kxc1 Rc7+ 36. Kd2 Re7 37. Bb3 Rd7 38. Kc3 Kg7 39. Kb4 Kg6 40.
Kc5 Kf5 41. Kb6 Ke6 42. Ka7 Rc7 43. Rb6+ Kf5 44. Rxb7 Rc3 45. a6 Rc6 46. Rb6
Rc7+ 47. Kb8 Rd7 48. a7 Rd8+ 49. Kb7 Rd7+ 50. Ka6 Ne8 51. Rb7 Rd8 52. Kb6 g4
53. Rb8 Rd6+ 54. Kc5 Ra6 55. Rxe8 Rxa7 56. Re5+ Kg6 57. hxg4 f6 58. Rxd5 Ra1
59. Rf5 Rg1 60. Rh5 Rxg2 61. Rxh4 Rxf2 62. Kd5 Rb2 63. Bd1 Kg5 64. Rh5+ Kg6 65.
Kxe4 Ra2 66. Rc5 Rh2 67. Rc6 Rb2 68. Ba4 Rb4 69. Bc2 Kg5 70. Kd5 Rb2 71. e4
Kxg4 72. e5 fxe5 73. dxe5 Kg5 74. e6 Kf6 75. Kd6 Rb7 76. Rc8 Rb6+ 77. Rc6 Rxc6+
78. Kxc6 78... Kxe6 {Game drawn because neither player has mating material}
1/2-1/2

[Event "ICS rated blitz match"]
[Site "204.178.125.65"]
[Date "1999.12.04"]
[Round "?"]
[White "Hossa"]
[Black "Katja"]
[Result "1-0"]
[WhiteElo "2541"]
[BlackElo "2115"]
[PlyCount "61"]
[EventDate "1999.??.??"]

1. e4 e5 2. Nf3 Nc6 3. Bb5 a6 4. Ba4 Nf6 5. O-O Nxe4 6. d4 b5 7. Bb3 d5 8. dxe5
Be6 9. Be3 Na5 10. Nd4 Qd7 11. Nxe6 fxe6 12. Nd2 Nc5 13. Qf3 Qf7 14. Qxf7+ Kxf7
15. Nf3 Nc4 16. Ng5+ Kg6 17. Bxc4 bxc4 18. b4 cxb3 19. axb3 h6 20. Nf3 Ne4 21.
Nd4 Kf7 22. Nc6 Bc5 23. Ra4 Bxe3 24. fxe3+ Kg6 25. Rfa1 Rhf8 26. Nd4 Rf2 27.
Rxa6 Re8 28. Nxe6 Kh7 29. Rc6 Rd2 30. Nd4 Rxe5 31. Nf3 {Katja resigns} 1-0

[Event "ICS rated blitz match"]
[Site "204.178.125.65"]
[Date "1999.12.04"]
[Round "?"]
[White "Hossa"]
[Black "ural"]
[Result "1-0"]
[WhiteElo "2544"]
[BlackElo "2127"]
[PlyCount "91"]
[EventDate "1999.??.??"]

1. e4 d5 2. exd5 Qxd5 3. Nc3 Qa5 4. d4 Nf6 5. Nf3 Nc6 6. Bd2 Bg4 7. Bb5 O-O-O
8. Bxc6 bxc6 9. h3 Qh5 10. Qe2 Bxf3 11. gxf3 Kb7 12. Be3 e5 13. O-O-O exd4 14.
Rxd4 Rxd4 15. Bxd4 Bc5 16. Bxf6 gxf6 17. Ne4 Bb6 18. Kb1 f5 19. Ng3 Qg6 20. Rd1
Qe6 21. Qf1 Re8 22. Ka1 h5 23. Nxh5 Qe2 24. Ng7 Re5 25. f4 Qxf1 26. Rxf1 Re2
27. c3 Bxf2 28. Kb1 Bc5 29. Nxf5 Rh2 30. Nh6 Rxh3 31. Nxf7 a5 32. f5 a4 33.
Nd8+ Kc8 34. Nxc6 a3 35. f6 axb2 36. Kxb2 Kd7 37. Nd4 Bf8 38. a4 c5 39. Nc2 c4
40. Rf4 Ke6 41. f7 Rh5 42. Nd4+ Ke5 43. Rf5+ Rxf5 44. Nxf5 Kxf5 45. a5 Ke6 46.
a6 {ural resigns} 1-0

[Event "ICS rated standard match"]
[Site "204.178.125.65"]
[Date "1999.12.04"]
[Round "?"]
[White "Hossa"]
[Black "ural"]
[Result "1-0"]
[WhiteElo "2157"]
[BlackElo "2126"]
[PlyCount "34"]
[EventDate "1999.??.??"]

1. e4 d5 2. exd5 Qxd5 3. Nc3 Qa5 4. d4 Nf6 5. Nf3 Nc6 6. Bd2 Bg4 7. Bb5 O-O-O
8. Bxc6 bxc6 9. h3 Qh5 10. Qe2 Bxf3 11. gxf3 Kb7 12. Be3 e5 13. O-O-O Bb4 14.
d5 c5 15. Qb5+ Kc8 16. Qa6+ Kd7 17. Qc6+ 17... Ke7 {ural resigns} 1-0

[Event "ICS Rated standard match"]
[Site "204.178.125.65"]
[Date "1999.12.04"]
[Round "?"]
[White "ural"]
[Black "Hossa"]
[Result "0-1"]
[WhiteElo "2097"]
[BlackElo "2165"]
[PlyCount "94"]
[EventDate "1999.??.??"]

1. e4 c5 2. b3 Nc6 3. Bb2 e5 4. f4 exf4 5. Qf3 Nd4 6. Bxd4 cxd4 7. Qxf4 Qf6 8.
Ne2 Be7 9. c3 Qxf4 10. Nxf4 dxc3 11. Nxc3 Nf6 12. Be2 O-O 13. Nfd5 Nxd5 14.
Nxd5 Bd6 15. O-O b6 16. Bf3 Ba6 17. Rfd1 Bd3 18. Rac1 Rae8 19. Re1 Rc8 20. Rxc8
Rxc8 21. Nc3 Be5 22. Rc1 Bf4 23. Rd1 Bxd2 24. Rxd2 Rxc3 25. Kf2 f5 26. exf5
Bxf5 27. Bd5+ Kf8 28. Rd4 Rc2+ 29. Ke3 Ke7 30. a4 Be6 31. Kd3 Rf2 32. Bxe6 dxe6
33. Rg4 Kf7 34. Kc4 a6 35. b4 Rc2+ 36. Kb3 Rd2 37. Rc4 Rd3+ 38. Kc2 Ra3 39. Rc6
Rxa4 40. Rxb6 Ra2+ 41. Kb3 Rxg2 42. Rxa6 Rxh2 43. b5 Rh1 44. b6 Rb1+ 45. Kc4 h5
46. Kc5 h4 47. Ra4 47... g5 {ural resigns} 0-1

[Event "ICS rated blitz match"]
[Site "204.178.125.65"]
[Date "1999.12.04"]
[Round "?"]
[White "MissSilicon"]
[Black "Hossa"]
[Result "1-0"]
[WhiteElo "2744"]
[BlackElo "2547"]
[PlyCount "59"]
[EventDate "1999.??.??"]

1. e4 c5 2. Nf3 Nc6 3. d4 cxd4 4. Nxd4 Nf6 5. Nc3 d6 6. Bc4 Qb6 7. Ndb5 a6 8.
Be3 Qa5 9. Nd4 Nxe4 10. Qf3 f5 11. Nxc6 bxc6 12. O-O-O e6 13. Nxe4 fxe4 14.
Qxe4 d5 15. Qe5 Kf7 16. Bd4 Bd7 17. Rhe1 h6 18. Re3 Kg8 19. Rg3 Rh7 20. Bd3 g6
21. Rxg6+ Kf7 22. Qf6+ Ke8 23. Rg8 Bc8 24. Qxf8+ Kd7 25. Rg7+ Rxg7 26. Qxg7+
Kd6 27. Be5+ Kc5 28. Qe7+ Kb6 29. Qc7+ Kc5 30. Qxa5# {Hossa checkmated} 1-0

[Event "ICS rated blitz match"]
[Site "204.178.125.65"]
[Date "1999.12.04"]
[Round "?"]
[White "Hossa"]
[Black "MissSilicon"]
[Result "1-0"]
[WhiteElo "2539"]
[BlackElo "2752"]
[PlyCount "153"]
[EventDate "1999.??.??"]

1. e4 e5 2. Nf3 Nf6 3. Nxe5 d6 4. Nf3 Nxe4 5. d4 d5 6. Bd3 Be7 7. O-O Nc6 8. c4
Bf5 9. cxd5 Qxd5 10. Nc3 Nxc3 11. bxc3 Bg4 12. Re1 Bxf3 13. Qxf3 Qxf3 14. gxf3
Kf8 15. Rb1 Na5 16. Rb5 b6 17. Rh5 h6 18. Rhe5 Bd6 19. R5e2 Rd8 20. h4 Nc6 21.
Bb5 Ne7 22. Bf4 Bxf4 23. Rxe7 g6 24. Bc4 Rh7 25. R1e2 Bd6 26. R7e4 c5 27. Bd3
Rg7 28. Bb5 f5 29. Re8+ Rxe8 30. Rxe8+ Kf7 31. Ra8 Ke6 32. Bc6 cxd4 33. cxd4
Kf6 34. d5 Ke5 35. Kf1 Kd4 36. a4 h5 37. Rd8 Kc5 38. Ke2 Be5 39. Rf8 Bc3 40. f4
Bb2 41. Kf3 Ba1 42. Kg3 Bc3 43. Rc8 Bb4 44. Kf3 Ba3 45. Re8 Kd4 46. Re6 Be7 47.
Kg3 Kc5 48. Be8 Kxd5 49. Rxg6 Rh7 50. f3 Bd8 51. Rg8 Ke6 52. Bg6 Rh6 53. Bxf5+
Kxf5 54. Rxd8 Rg6+ 55. Kf2 Kxf4 56. Rf8+ Ke5 57. Rf7 a6 58. Ra7 a5 59. Rh7 Kf4
60. Rf7+ Ke5 61. Rc7 Rh6 62. Re7+ Kf5 63. Rf7+ Ke6 64. Rf8 Kd5 65. Rf5+ Kd4 66.
Ke2 Re6+ 67. Kf2 Re5 68. Rxe5 Kxe5 69. Ke3 Kf5 70. f4 Ke6 71. Ke4 Kf6 72. Kd5
Kf5 73. Kc6 Kg4 74. f5 Kxf5 75. Kxb6 Ke6 76. Kxa5 Kd7 77. Kb5 {
MissSilicon resigns} 1-0

[Event "ICS rated bullet match"]
[Site "204.178.125.65"]
[Date "1999.12.04"]
[Round "?"]
[White "Hossa"]
[Black "Mofongo"]
[Result "0-1"]
[WhiteElo "2639"]
[BlackElo "2638"]
[PlyCount "122"]
[EventDate "1999.??.??"]

1. e4 c5 2. Nf3 d6 3. Bb5+ Bd7 4. Bxd7+ Nxd7 5. O-O Ngf6 6. Qe2 e6 7. b3 Be7 8.
Bb2 O-O 9. c4 a6 10. Nc3 Re8 11. d3 Qc7 12. Rad1 b6 13. d4 Ng4 14. Rd2 Rad8 15.
dxc5 dxc5 16. Rfd1 Bf6 17. Na4 Bxb2 18. Nxb2 Nde5 19. Nxe5 Nxe5 20. a3 Nc6 21.
Rxd8 Rxd8 22. Rxd8+ Qxd8 23. a4 Qd4 24. Nd1 Kf8 25. g4 Na5 26. Qc2 Qa1 27. h4
Qa3 28. Qd2 Ke8 29. Qd6 Qxb3 30. Qb8+ Kd7 31. Ne3 Qb1+ 32. Kh2 Qxe4 33. Qxb6
Nxc4 34. Qa7+ Kd8 35. Qxf7 Nxe3 36. Qg8+ Kc7 37. Qxg7+ Kb6 38. fxe3 Qxa4 39.
Qg8 Qe4 40. Qb8+ Ka5 41. Qf4 Qxf4+ 42. exf4 Kb5 43. h5 c4 44. f5 exf5 45. gxf5
Kc5 46. h6 c3 47. f6 Kd6 48. f7 Ke7 49. f8=R Kxf8 50. Kg3 c2 51. Kg4 c1=Q 52.
Kf5 Qxh6 53. Ke5 Qe6+ 54. Kd4 h5 55. Kd3 h4 56. Kd4 h3 57. Kd3 h2 58. Kd4 h1=Q
59. Kc3 Qc1+ 60. Kb4 Qec4+ 61. Ka5 61... Qb5# {Hossa checkmated} 0-1

[Event "ICS rated bullet match"]
[Site "204.178.125.65"]
[Date "1999.12.04"]
[Round "?"]
[White "Mofongo"]
[Black "Hossa"]
[Result "1-0"]
[WhiteElo "2654"]
[BlackElo "2623"]
[PlyCount "123"]
[EventDate "1999.??.??"]

1. e4 c5 2. Nf3 d6 3. d4 cxd4 4. Nxd4 Nf6 5. Nc3 a6 6. Bg5 e6 7. f4 Be7 8. Qf3
Qc7 9. O-O-O Nbd7 10. Bd3 h6 11. Bh4 Nc5 12. Bg3 Nxd3+ 13. Qxd3 Nd7 14. f5 Bg5+
15. Kb1 Nc5 16. Qf3 e5 17. Nd5 Qd8 18. Nb3 b6 19. Nxc5 bxc5 20. h4 Bf6 21.
Nxf6+ gxf6 22. Qd3 Rg8 23. Bf2 Bb7 24. g3 Rg4 25. Rhe1 h5 26. Re2 Qe7 27. Qxd6
Qxd6 28. Rxd6 Bxe4 29. Rxf6 O-O-O 30. b3 Rd7 31. Rxa6 Rd1+ 32. Kb2 c4 33. bxc4
Rf1 34. Rf6 Bf3 35. Rd2 Rxc4 36. Rxf7 Rb4+ 37. Kc3 Rbb1 38. f6 Rbd1 39. Rfd7
Rxd2 40. Rxd2 Bd5 41. Rxd5 Rxf2 42. Rxe5 Rxf6 43. Rxh5 Rf3+ 44. Kb4 Rxg3 45. c4
Rg7 46. a4 Rb7+ 47. Kc5 Rc7+ 48. Kb4 Rb7+ 49. Rb5 Rh7 50. h5 Ra7 51. a5 Kd7 52.
Rb6 Kc8 53. h6 Rc7 54. a6 Rh7 55. Rg6 Kb8 56. Rg8+ Ka7 57. Rg7+ Kxa6 58. Rxh7
Kb6 59. Rf7 Kc6 60. h7 Kb6 61. h8=Q Kc6 62. Qf6# {Hossa checkmated} 1-0